Statistiken für Größte Städte in Hessen

Klicken Sie hier um das Quiz zu spielen!

Allgemein

  • Dieses Quiz wurde 1.165 mal gespielt
  • Das Durchschnittsergebnis liegt bei 11 aus 16

Antwortstatistiken

HintAntwort% Korrekt
688000Frankfurt am Main
100%
273000Wiesbaden
99%
193000Kassel
97%
148000Darmstadt
90%
117000Offenbach am Main
90%
76700Gießen
86%
64800Fulda
84%
72400Marburg
79%
88900Hanau
78%
51100Wetzlar
58%
60200Rüsselsheim
56%
52100Bad Homburg vor der Höhe
49%
44500Oberursel
28%
39400Bensheim
27%
39800Dreieich
25%
42900Rodgau
23%

Verteilung der Resultate

Perzentil nach korrekt beantworteten Fragen

Anzahl Personen mit jedem Resultat

Ihre Resultats-Entwicklung

Sie haben dieses Quiz noch nicht gespielt